[Event "Speed Chess (Women) Q1"]
[Site "Chess.com INT"]
[Date "2022.05.25"]
[Round "9"]
[White "Antonova, Nadezhda"]
[Black "Parkhurst Casas, Andrea Ju"]
[Result "0-1"]
[WhiteElo "1832"]
[BlackElo "1543"]
[PlyCount "82"]
[EventDate "2022.05.24"]
[EventType "swiss (blitz)"]
[EventRounds "14"]
[EventCountry "USA"]
[SourceTitle "CBM 208 Extra"]
[Source "ChessBase"]
[SourceDate "2022.07.31"]
[SourceVersion "1"]
[SourceVersionDate "2022.07.31"]
[SourceQuality "1"]

1. Nf3 g6 2. d4 Bg7 3. g3 c6 4. Bg2 d5 5. 0-0 Nf6 6. b3 0-0 7. Bb2 Nbd7 8. Nbd2 Re8 9. Ne5 a6 10. h3 Nh5 11. e4 dxe4 12. Nxe4 Nhf6 13. c4 Qc7 14. Qe2 Nxe4 15. Qxe4 Nf6 16. Qe2 Bf5 17. g4 Bd7 18. Rae1 e6 19. f4 Rad8 20. Qf2 Bc8 21. Kh1 Nd7 22. Nxf7 Kxf7 23. f5 exf5 24. gxf5 g5 25. d5 Bxb2 26. Qxb2 Nf6 27. Qc3 Rxe1 28. Qxe1 Re8 29. Qc1 h6 30. dxc6 bxc6 31. Qa3 Re7 32. Qc5 Bd7 33. Rd1 Qe5 34. Qa3 Qe2 35. Rg1 Bxf5 36. Qc5 Be4 37. Qb6 Bxg2+ 38. Rxg2 Qe1+ 39. Kh2 Qe5+ 40. Kh1 Qd6 41. Rg1 Re2 0-1

[Event "Speed Chess (Women) Q1"]
[Site "Chess.com INT"]
[Date "2022.05.25"]
[Round "3"]
[White "Parkhurst Casas, Andrea Ju"]
[Black "Gu, Xiaobing"]
[Result "0-1"]
[WhiteElo "1543"]
[BlackElo "2219"]
[PlyCount "108"]
[EventDate "2022.05.24"]
[EventType "swiss (blitz)"]
[EventRounds "14"]
[EventCountry "USA"]
[SourceTitle "CBM 208 Extra"]
[Source "ChessBase"]
[SourceDate "2022.07.31"]
[SourceVersion "1"]
[SourceVersionDate "2022.07.31"]
[SourceQuality "1"]

1. d4 Nf6 2. e3 e6 3. f4 d5 4. Nf3 Ne4 5. Bd3 b6 6. 0-0 Bb7 7. a3 Nd7 8. Nbd2 c5 9. c3 Be7 10. Bc2 Rc8 11. Qe1 b5 12. Ne5 a5 13. Bxe4 dxe4 14. Qe2 Nf6 15. Qxb5+ Bc6 16. Nxc6 Qd7 17. Na7 Rc7 18. Qxd7+ Nxd7 19. Nb5 Rb7 20. c4 f5 21. a4 0-0 22. Nb3 Rc8 23. Nxa5 Rbb8 24. Bd2 Nb6 25. b3 Ra8 26. Kh1 Kf7 27. Nb7 Rc7 28. N7d6+ Bxd6 29. Nxd6+ Ke7 30. Nb5 Rd7 31. b4 Nxc4 32. Bc1 cxb4 33. Rb1 Rxa4 34. Bb2 Rb7 35. Nc3 bxc3 36. Bxc3 Rxb1 37. Rxb1 Nxe3 38. h3 Nd5 39. Be1 e3 40. Rb7+ Kf6 41. Bh4+ Kg6 42. Rb1 Nxf4 43. Rg1 Nd3 44. g4 f4 45. Be1 f3 46. Rf1 Nxe1 47. Rxe1 f2 48. Rf1 e2 49. Rxf2 e1Q+ 50. Kg2 Qe4+ 51. Kg3 Ra3+ 52. Kh4 Qxd4 53. Re2 Qd8+ 54. g5 Qxg5# 0-1

[Event "Speed Chess (Women) Q1"]
[Site "Chess.com INT"]
[Date "2022.05.25"]
[Round "14"]
[White "Parkhurst Casas, Andrea Ju"]
[Black "Kiseljova, Marya"]
[Result "1-0"]
[WhiteElo "1543"]
[BlackElo "2031"]
[PlyCount "145"]
[EventDate "2022.05.24"]
[EventType "swiss (blitz)"]
[EventRounds "14"]
[EventCountry "USA"]
[SourceTitle "CBM 208 Extra"]
[Source "ChessBase"]
[SourceDate "2022.07.31"]
[SourceVersion "1"]
[SourceVersionDate "2022.07.31"]
[SourceQuality "1"]

1. d4 d5 2. e3 e6 3. f4 c5 4. c3 Nf6 5. Nf3 Nbd7 6. Bd3 Qc7 7. 0-0 Be7 8. Qe1 b6 9. Nbd2 Bb7 10. Ne5 Nxe5 11. fxe5 Ne4 12. Bxe4 dxe4 13. Qf2 Rf8 14. Qg3 g6 15. Qh3 h5 16. Nc4 cxd4 17. Nd6+ Bxd6 18. exd6 Qxd6 19. cxd4 0-0-0 20. Bd2 Kb8 21. Rac1 Ba6 22. Rfd1 Rc8 23. a3 Rxc1 24. Rxc1 Rc8 25. Rxc8+ Bxc8 26. Qh4 Qc6 27. Bc3 Qd5 28. Qf4+ Kb7 29. Qxf7+ Bd7 30. Qxg6 Bb5 31. h3 a5 32. Qg7+ Bd7 33. Qe5 Qxe5 34. dxe5 a4 35. g4 hxg4 36. h4 Be8 37. Kg2 Bh5 38. Kg3 Kc6 39. Be1 Kd5 40. Kf4 b5 41. Bg3 Bg6 42. Kxg4 Bf5+ 43. Kf4 Kc4 44. Be1 Kb3 45. h5 Kxb2 46. Bb4 Kb3 47. h6 Kc4 48. Kg5 Kd5 49. Kf6 Bh7 50. Kg7 Bf5 51. h7 Bxh7 52. Kxh7 Kxe5 53. Kg7 Kd5 54. Kf6 e5 55. Kf5 Kc4 56. Kxe5 Kd3 57. Kf4 Kc4 58. Kxe4 Kb3 59. Kf5 Kc4 60. e4 Kd4 61. e5 Kd5 62. Kf6 Kc6 63. e6 Kc7 64. Kf7 Kd8 65. e7+ Kc7 66. e8Q Kb7 67. Qe6 Kb8 68. Ke7 Ka8 69. Kd6 Kb7 70. Kc5 Kc7 71. Qf7+ Kd8 72. Kd6 Kc8 73. Qc7# 1-0

[Event "Speed Chess (Women) Q1"]
[Site "Chess.com INT"]
[Date "2022.05.25"]
[Round "7"]
[White "Parkhurst Casas, Andrea Ju"]
[Black "Mentile, Lishen"]
[Result "1-0"]
[WhiteElo "1543"]
[BlackElo "1486"]
[PlyCount "75"]
[EventDate "2022.05.24"]
[EventType "swiss (blitz)"]
[EventRounds "14"]
[EventCountry "USA"]
[SourceTitle "CBM 208 Extra"]
[Source "ChessBase"]
[SourceDate "2022.07.31"]
[SourceVersion "1"]
[SourceVersionDate "2022.07.31"]
[SourceQuality "1"]

1. d4 d5 2. e3 a6 3. f4 Bf5 4. Nf3 e6 5. Bd3 Bg6 6. 0-0 Nf6 7. Ne5 Be7 8. c3 0-0 9. Nxg6 hxg6 10. Nd2 Nbd7 11. Qe1 Ne4 12. Nxe4 dxe4 13. Bxe4 Nf6 14. Bxb7 Rb8 15. Bf3 Nd5 16. e4 Nf6 17. b3 Re8 18. Kh1 c5 19. dxc5 Bxc5 20. c4 Qd3 21. Bb2 Qd8 22. Rd1 Qc7 23. Bxf6 gxf6 24. e5 fxe5 25. Qxe5 Qxe5 26. fxe5 Rbd8 27. Rxd8 Rxd8 28. Rd1 Rxd1+ 29. Bxd1 Kg7 30. Bf3 Bb4 31. Bb7 a5 32. g3 Bc3 33. Kg2 Bxe5 34. Kf3 Kf6 35. Ke4 Bc3 36. g4 Bb4 37. h4 Bd2 38. h5 1-0

[Event "Speed Chess (Women) Q1"]
[Site "Chess.com INT"]
[Date "2022.05.25"]
[Round "4"]
[White "Parkhurst Casas, Andrea Ju"]
[Black "Secopito, Catherine"]
[Result "0-1"]
[WhiteElo "1543"]
[BlackElo "2075"]
[PlyCount "84"]
[EventDate "2022.05.24"]
[EventType "swiss (blitz)"]
[EventRounds "14"]
[EventCountry "USA"]
[SourceTitle "CBM 208 Extra"]
[Source "ChessBase"]
[SourceDate "2022.07.31"]
[SourceVersion "1"]
[SourceVersionDate "2022.07.31"]
[SourceQuality "1"]

1. c4 e6 2. d3 d5 3. Nd2 Nf6 4. Ngf3 Be7 5. g3 0-0 6. Bg2 b6 7. 0-0 Bb7 8. a3 Nc6 9. Rb1 a5 10. cxd5 exd5 11. Nh4 Qd7 12. Nhf3 Rfe8 13. Re1 Bc5 14. Nb3 Bd6 15. Nbd4 Ne5 16. Nxe5 Bxe5 17. Nf3 Bd6 18. b4 axb4 19. axb4 h6 20. Qb3 Ra4 21. Qc3 Rea8 22. Bxh6 Qe7 23. Bd2 Ng4 24. Qc1 Ra2 25. Nd4 Qe5 26. Nf3 Qe7 27. Nd4 Qe5 28. Nf3 Qf6 29. Bg5 Qe6 30. Nd4 Qe5 31. Nf3 Qe6 32. Nd4 Qe5 33. Nf3 Qf5 34. Be3 Re8 35. Nd4 Qh5 36. h3 Nxe3 37. fxe3 Bxg3 38. Rf1 Bc8 39. Nf3 Bxh3 40. e4 Rxe2 41. Qg5 Rxg2+ 42. Kh1 Qh7 0-1